[Event "IBCA EU-chT blind 03rd"]
[Site "Genova"]
[Date "2023.04.22"]
[Round "3.1"]
[White "Draghici Flutur, Gavril"]
[Black "Kolpakov, Vladyslav"]
[Result "0-1"]
[WhiteElo "1989"]
[BlackElo "2248"]
[PlyCount "74"]
[EventDate "2023.04.20"]
[EventType "team-swiss"]
[EventRounds "9"]
[EventCountry "ITA"]
[SourceTitle "CBM 213 Extra"]
[Source "ChessBase"]
[SourceDate "2023.05.31"]
[SourceVersion "1"]
[SourceVersionDate "2023.05.31"]
[SourceQuality "1"]
[WhiteTeam "Spain"]
[BlackTeam "Ukraine"]
[WhiteTeamCountry "ESP"]
[BlackTeamCountry "UKR"]

1. e4 e6 2. d4 d5 3. e5 c5 4. c3 Qb6 5. Nf3 Nc6 6. a3 Bd7 7. b4 cxd4 8. cxd4 Rc8 9. Bb2 Na5 10. Nc3 Ne7 11. Na4 Qc6 12. Nc5 Nc4 13. Bxc4 dxc4 14. 0-0 b6 15. Nxd7 Qxd7 16. Ng5 Nd5 17. Rc1 Be7 18. Ne4 0-0 19. Qd2 Rc7 20. Nc3 Ra8 21. f4 a5 22. Nxd5 Qxd5 23. Bc3 axb4 24. axb4 b5 25. Ra1 Rca7 26. Rxa7 Rxa7 27. f5 exf5 28. Rxf5 h6 29. Qf2 Ra3 30. Qe1 Rb3 31. Rf3 Bd8 32. e6 fxe6 33. Re3 Bf6 34. Rxe6 Rxc3 35. Rxf6 Qxd4+ 36. Rf2 Re3 37. Qf1 Rd3 0-1

[Event "IBCA World-chT blind 9th"]
[Site "Ohrid"]
[Date "2022.07.06"]
[Round "8.1"]
[White "Draghici Flutur, Gavril"]
[Black "Stachanczyk, Jacek"]
[Result "0-1"]
[WhiteElo "2100"]
[BlackElo "2194"]
[PlyCount "110"]
[EventDate "2022.06.28"]
[EventType "team-swiss"]
[EventRounds "9"]
[EventCountry "MKD"]
[SourceTitle "EXT 2024"]
[Source "ChessBase"]
[SourceDate "2023.10.10"]
[SourceVersion "1"]
[SourceVersionDate "2023.10.10"]
[SourceQuality "1"]
[WhiteTeam "Spain"]
[BlackTeam "Poland"]
[WhiteTeamCountry "ESP"]
[BlackTeamCountry "POL"]

1. e4 c5 2. Nc3 d6 3. f4 g6 4. Nf3 Bg7 5. Bc4 Nc6 6. 0-0 e6 7. d3 Nge7 8. f5 d5 9. Bb3 dxe4 10. f6 exf3 11. fxg7 Qd4+ 12. Rf2 Qxg7 13. Qxf3 f5 14. Qh3 h6 15. Nb5 Kd8 16. c3 g5 17. Nd6 Kd7 18. Nxc8 Raxc8 19. Re2 e5 20. Be3 b6 21. d4 cxd4 22. cxd4 e4 23. Qg3 Rhd8 24. h4 Nxd4 25. Rd2 Ke8 26. Rad1 f4 27. Bxf4 Nef5 28. Be5 Nxg3 29. Bxg7 Nxb3 30. Rxd8+ Rxd8 31. Rxd8+ Kxd8 32. axb3 gxh4 33. Bxh6 Kd7 34. Kf2 Ke6 35. Bf4 Nf5 36. Bb8 a6 37. Bc7 b5 38. Bf4 Kd5 39. Ke2 Nd4+ 40. Kd2 Nxb3+ 41. Ke3 Nd4 42. Bg5 Ke5 43. Kf2 Nf5 44. Bd8 Kd4 45. Ke2 e3 46. Bg5 Ke4 47. Bf6 a5 48. Ke1 Kd3 49. Bd8 a4 50. Bf6 e2 51. Be5 Ne3 52. Bc3 Nxg2+ 53. Kf2 e1Q+ 54. Bxe1 Nxe1 55. Kxe1 b4 0-1

[Event "Merida World Heritage op 1st"]
[Site "Merida"]
[Date "2021.08.08"]
[Round "9"]
[White "Perez Perez, Gabriel"]
[Black "Draghici Flutur, Gavril"]
[Result "1/2-1/2"]
[WhiteElo "2209"]
[BlackElo "2072"]
[PlyCount "116"]
[EventDate "2021.08.04"]
[EventType "swiss"]
[EventRounds "9"]
[EventCountry "ESP"]
[SourceTitle "EXT 2023"]
[Source "ChessBase"]
[SourceDate "2022.10.05"]
[SourceVersion "1"]
[SourceVersionDate "2022.10.05"]
[SourceQuality "1"]

1. b3 e5 2. Bb2 f6 3. e4 Bc5 4. Bc4 Ne7 5. Qh5+ Ng6 6. Nf3 b5 7. Nh4 Ke7 8. Nf5+ Kf8 9. Bxb5 d5 10. d4 dxe4 11. dxc5 Nf4 12. Qg4 g6 13. 0-0 Bxf5 14. Qh4 Kg7 15. Nc3 Qe7 16. b4 Nd7 17. Qg3 Rab8 18. Qe3 Nf8 19. Rad1 g5 20. Rd2 a6 21. Bxa6 Rxb4 22. Ba3 Rd4 23. Nb5 Rxd2 24. Qxd2 N8e6 25. c6 Qf7 26. Qd7 Rd8 27. Rd1 Rxd7 28. Rxd7 Ne2+ 29. Kf1 N2d4 30. Nxd4 Nxd4 31. Rxf7+ Kxf7 32. Bb7 Be6 33. Bb4 Bc4+ 34. Kg1 Nxc2 35. Bd6 Nd4 36. a4 Bd5 37. Bxc7 Bxc6 38. Bxc6 Nxc6 39. a5 Ke7 40. a6 Kd7 41. Bb8 Kc8 42. Bd6 Kd7 43. Bc5 Kc7 44. g4 Nd4 45. h3 Kc6 46. Be7 Kb6 47. Bxf6 Kxa6 48. Kf1 Nf3 49. Ke2 Ng1+ 50. Ke3 Nxh3 51. Bxe5 Kb5 52. Bg3 Kc6 53. Kxe4 Kd7 54. Kf3 Ke6 55. Bc7 Kf6 56. Kg3 Nxf2 57. Kxf2 Kg6 58. Kg3 h5 1/2-1/2

[Event "Online Olym Disabilities"]
[Site "Tornelo INT"]
[Date "2020.11.23"]
[Round "3.10"]
[White "Singares, Mario Oscar"]
[Black "Draghici Flutur, Gavril"]
[Result "0-1"]
[WhiteElo "1425"]
[BlackElo "2072"]
[PlyCount "60"]
[EventDate "2020.11.21"]
[EventType "team-swiss (rapid)"]
[EventRounds "7"]
[EventCountry "NET"]
[SourceTitle "CBM 199 Extra"]
[Source "ChessBase"]
[SourceDate "2021.01.31"]
[SourceVersion "1"]
[SourceVersionDate "2021.01.31"]
[SourceQuality "1"]
[WhiteTeam "Panama"]
[BlackTeam "Spain"]
[WhiteTeamCountry "PAN"]
[BlackTeamCountry "ESP"]

1. e4 c5 2. Nf3 Nc6 3. d4 cxd4 4. Nxd4 Nf6 5. Bc4 Nxe4 6. Nc3 Nxc3 7. bxc3 d5 8. Be2 e5 9. Nxc6 bxc6 10. 0-0 Bc5 11. Be3 Bxe3 12. fxe3 0-0 13. c4 Be6 14. Rb1 Qa5 15. cxd5 cxd5 16. e4 Qc5+ 17. Kh1 dxe4 18. Bh5 Rad8 19. Qe2 g6 20. Bg4 f5 21. Bh3 Bc4 22. Qe1 Bxf1 23. Qxf1 Rd2 24. g4 f4 25. Qd1 Rxd1+ 26. Rxd1 Qxc2 27. Rf1 f3 28. Rg1 e3 29. g5 f2 30. Rf1 e2 0-1

[Event "Seville op 45th"]
[Site "Seville"]
[Date "2020.01.16"]
[Round "7"]
[White "Pridorozhni, Aleksei"]
[Black "Draghici Flutur, Gavril"]
[Result "1-0"]
[WhiteElo "2601"]
[BlackElo "2125"]
[PlyCount "41"]
[EventDate "2020.01.10"]
[EventType "swiss"]
[EventRounds "9"]
[EventCountry "ESP"]
[SourceTitle "CBM 194 Extra"]
[Source "ChessBase"]
[SourceDate "2020.03.31"]
[SourceVersion "1"]
[SourceVersionDate "2020.03.31"]
[SourceQuality "1"]

1. e4 c5 2. Nf3 d6 3. Nc3 Nc6 4. d4 cxd4 5. Nxd4 Nf6 6. Bg5 e6 7. Qd2 Be7 8. 0-0-0 a6 9. f4 Nxd4 10. Qxd4 b5 11. Bxf6 gxf6 12. Kb1 Bb7 13. Be2 Rc8 14. f5 h5 15. fxe6 fxe6 16. Bf3 Qc7 17. Qd2 Qc4 18. Rhe1 b4 19. Ne2 Rc5 20. Nf4 Kf7 21. Be2 1-0

[Event "ESP-ch FEDC 27th"]
[Site "Almunecar"]
[Date "2018.11.30"]
[Round "5"]
[White "Septien Lopez, Valeriano"]
[Black "Draghici Flutur, Gavril"]
[Result "0-1"]
[WhiteElo "1848"]
[BlackElo "2123"]
[PlyCount "32"]
[EventDate "2018.11.26"]
[EventType "swiss"]
[EventRounds "8"]
[EventCountry "ESP"]
[SourceTitle "EXT 2024"]
[Source "ChessBase"]
[SourceDate "2023.10.10"]
[SourceVersion "1"]
[SourceVersionDate "2023.10.10"]
[SourceQuality "1"]

1. e4 c5 2. Nf3 d6 3. d4 Nf6 4. Nc3 cxd4 5. Nxd4 Nc6 6. Be2 e5 7. Nb3 Be7 8. Be3 0-0 9. 0-0 a5 10. a4 Nb4 11. f3 Be6 12. g4 d5 13. Bf2 d4 14. Nb5 Bxb3 15. cxb3 d3 16. g5 Nh5 0-1

[Event "ESP-ch FEDC 27th"]
[Site "Almunecar"]
[Date "2018.11.26"]
[Round "1"]
[White "Garcia Cervigon, Juan Pablo"]
[Black "Draghici Flutur, Gavril"]
[Result "1/2-1/2"]
[WhiteElo "1694"]
[BlackElo "2123"]
[PlyCount "51"]
[EventDate "2018.11.26"]
[EventType "swiss"]
[EventRounds "8"]
[EventCountry "ESP"]
[SourceTitle "EXT 2024"]
[Source "ChessBase"]
[SourceDate "2023.10.10"]
[SourceVersion "1"]
[SourceVersionDate "2023.10.10"]
[SourceQuality "1"]

1. d4 Nf6 2. c4 e6 3. Nc3 c5 4. Nf3 cxd4 5. Nxd4 Bc5 6. e4 Qb6 7. Na4 Qa5+ 8. Bd2 Bb4 9. Nc3 Qb6 10. Be3 Nxe4 11. Qc2 Nxc3 12. bxc3 Bc5 13. Rb1 Qc7 14. Bd3 f5 15. 0-0 0-0 16. Nxf5 exf5 17. Bxf5 d6 18. Bxh7+ Kh8 19. Bg6 Qe7 20. Bxc5 dxc5 21. Rbe1 Qf6 22. Re3 Rd8 23. Qe4 Nc6 24. Qe8+ Qf8 25. Qe4 Qf6 26. Qe8+ 1/2-1/2